000
00253nam a2200121Ia 4500
100
_a
Vas/Luiss/ R
942
_c
BK
654
_a
dynamics
245
_a
Dynamics of Mind management
260
_b
Jaico
_a
Mumbai
_c
1991
300
_a
166
546
_a
ENGLISH
999
_c
19505
_d
19505